Guess the Fusion Rock Song Lyrics #81 - Statistics

General Stats
  • This quiz has been taken 10 times
  • The average score is 184 of 234
Answer Stats
Answer % Correct
And
100%
and
100%
be
100%
can
100%
could
100%
got
100%
gotta
100%
I
100%
I'm
100%
I"m
100%
in
100%
In
100%
It
100%
its
100%
it's
100%
love
100%
me
100%
should
100%
So
100%
that
100%
the
100%
The
100%
we
100%
what
100%
you
100%
You
100%
You've
100%
you've
100%
day
89%
every
89%
for
89%
had
89%
is
89%
my
89%
now
89%
then
89%
this
89%
to
89%
way
89%
all
78%
always
78%
As
78%
at
78%
But
78%
fallin
78%
how
78%
like
78%
never
78%
With
78%
again
67%
know
67%
love's
67%
see
67%
things
67%
we'll
67%
Baby
56%
baby
56%
came
56%
each
56%
eternity
56%
feel
56%
life
56%
seems
56%
been
44%
girl
44%
key
44%
loved
44%
yesterday
44%
Young
44%
fate
33%
first
33%
free
33%
Hamilton Joe Frank and Reynolds
33%
lay
33%
made
33%
dreams
22%
gate
22%
grow
22%
hour
22%
Maybe
22%
midnight's
22%
planned
22%
power
22%
strong
22%
bold
11%
hidden
11%
match
11%
mystery
11%
reality
11%
simple
11%
unfolds
11%
No matching quizzes found
Score Distribution
Percent of People with Each Score
Percentile by Number Answered
Your Score History
You have not taken this quiz